000 01013nam a2200253 i 4500
001 172345
003 ES-MaACL
005 20250131234116.0
008 090625s1972 sp |||| | spa d
080 _a82.08(04)
080 _a821.134.2 Calderón de la Barca, Pedro 1.06
100 1 _aFriedrich, Hugo.
_952652
245 1 0 _aEstructuralismo y estructura en la ciencia literaria
_b: Calderón de la Barca /
_cHugo Friedrich ; versión castellana y nota introductoria de Rafael Gutiérrez Girardot.
260 _aSantander :
_bLa Isla de los Ratones,
_c1972.
300 _a77 p. ;
_c17 cm.
490 1 _aLa Isla de los Ratones.
_aNarración y ensayo ;
_v15
_9189362
600 1 4 _aCalderón de la Barca, Pedro-
_xCrítica e interpretación
_933614
650 1 4 _aPreceptiva literaria.
_9150091
700 1 _aGutiérrez Girardot, Rafael.
_961155
830 0 _aLa Isla de los Ratones.
_aNarración y ensayo ;
_v15
_9189362
852 _aES-MaACL
_j2252-F-9
942 _2udc
999 _c172345
_d172345